[Event "Techirghiol op-A"]
[Site "Techirghiol"]
[Date "1998.??.??"]
[Round "?"]
[White "Tudor, Ioan"]
[Black "Toma, Paul"]
[Result "0-1"]
[WhiteElo "1900"]
[BlackElo "1705"]

1.d4 d5 2.c4 dxc4 3.Nf3 c6 4.Nc3 Nf6 5.a4 Bf5 6.Ne5 e6 7.Nxc4 Be7 8.f3 Nbd7
9.e4 Bg6 10.Be3 O-O 11.Qb3 b6 12.Rd1 Qc7 13.Bg5 h6 14.Bh4 Qd8 15.Bg3 Nh5
16.Bf2 Nhf6 17.Be2 Nh5 18.g3 Nhf6 19.O-O Qc7 20.Be3 Kh8 21.Bf4 Qd8 22.g4 Nh7
23.e5 f5 24.Be3 fxg4 25.fxg4 Ng5 26.Nd2 Bf7 27.Nf3 Bg8 28.Kg2 Nxf3 29.Rxf3 Qc7
30.Rdf1 c5 31.Rxf8 Rxf8 32.Nb5 Qb8 33.Rxf8 Bxf8 34.Qd1 cxd4 35.Qxd4 Nxe5
36.Bf4 Qb7+ 37.Kg3 Nc6 38.Qe4 Qd7 39.Bf3 Ne7 40.Qa8 Ng6 41.Qxa7 Qd8 42.Qc7 Qh4+
43.Kg2 Qf6 44.Bg3 Qxb2+ 45.Kh3 Qf6 46.Bg2 e5 47.Nc3 h5 48.Ne4 hxg4+ 49.Kxg4 Be6+
50.Kh5 Nf4+ 51.Bxf4 g6+  0-1

[Event "Techirghiol op-A"]
[Site "Techirghiol"]
[Date "1998.??.??"]
[Round "?"]
[White "Lokchin, Anatoli"]
[Black "Toma, Paul"]
[Result "1/2-1/2"]
[WhiteElo "1750"]
[BlackElo "1705"]

1.d4 d5 2.c4 dxc4 3.Nf3 c6 4.e3 b5 5.Be2 Nf6 6.O-O Bb7 7.a4 e6 8.b3 cxb3
9.axb5 Be7 10.Qxb3 O-O 11.Nc3 Nbd7 12.bxc6 Bxc6 13.Bd2 Ne4 14.Nxe4 Bxe4 15.Rfc1 Bd5
16.Qc2 Nf6 17.Ne5 Bd6 18.Ba5 Qe7 19.Bd3 g6 20.e4 Bb7 21.Nc6 Bxc6 22.Qxc6 Bb4
23.Bc7 Qd7 24.Qxd7 Nxd7 25.Bb5 Nf6 26.Bc6 Rac8 27.Bb7 Rce8 28.e5 Nd5 29.Bxd5 exd5
30.Rxa7 Ra8 31.Rxa8 Rxa8 32.Bb6 Kf8 33.Bc5+ Bxc5 34.dxc5 Ke7 35.f4 Ra4 36.c6 Kd8
37.g3 Kc7 38.Kg2 Rc4 39.Rxc4 dxc4 40.Kf3 Kxc6 41.Ke4 Kc5 42.g4 Kb4 43.f5 gxf5+
44.gxf5 c3 45.e6 fxe6 46.f6  1/2-1/2

[Event "BCF-ch"]
[Site "Torquay"]
[Date "1998.??.??"]
[Round "1"]
[White "Cobb, James"]
[Black "Hanley, Craig"]
[Result "1/2-1/2"]
[WhiteElo "2330"]
[BlackElo "2010"]

1.Nf3 Nf6 2.c4 c6 3.d4 d5 4.Qb3 dxc4 5.Qxc4 Bf5 6.Nc3 e6 7.g3 Nbd7 8.Bg2 Be7
9.O-O O-O 10.Bg5 Ne4 11.Bxe7 Qxe7 12.Rad1 Nxc3 13.Qxc3 Be4 14.Bh3 Nf6 15.Nd2 Bg6
16.Bg2 Nd5 17.Qb3 a5 18.e4 a4 19.Qc4 Nb6 20.Qc3 Rfd8 21.Rfe1 a3 22.b3 Rd7
23.Nf1 Rad8 24.Ne3 f6 25.b4 Bf7 26.Bh3 Rd6 27.Rd2 Bg6 28.Red1 e5  1/2-1/2

[Event "RUS-ch sf"]
[Site "Tula"]
[Date "1998.??.??"]
[Round "3"]
[White "Nedochetov, M."]
[Black "Shabanov, Yuri"]
[Result "1/2-1/2"]
[WhiteElo "2250"]
[BlackElo "2495"]

1.d4 d5 2.Nf3 c6 3.c4 Nf6 4.Qc2 Bg4 5.Ne5 Bh5 6.cxd5 Nxd5 7.a3 Nb6 8.e3 N8d7
9.Nxd7 Qxd7 10.Nc3 e6 11.Bd3 Bg6 12.Bxg6 hxg6 13.Bd2 Be7 14.h3 Rc8 15.Ne4 Qd5
16.O-O O-O 17.Rac1 Rfd8 18.Rfd1 Qf5 19.Be1 e5 20.dxe5 Qxe5 21.Bc3 Qf5 22.Bd4 c5
23.Bc3 Nd5 24.Be1 b6 25.Ng3 Qe5 26.Ne2 Bd6 27.g3 Qe6 28.Kg2 Be5 29.e4 Nf6
30.f3 Rd7 31.Rxd7 Nxd7 32.Rd1 c4 33.Bf2 a6 34.Qd2 Nf6 35.Bd4 Bc7 36.Bxf6 Qxf6
37.Nc3 Qe5 38.f4 Qe8 39.Qe2 b5 40.Nd5 Bd6 41.Qf3 Bf8 42.h4 a5 43.Re1 b4 44.axb4 axb4
45.h5 gxh5 46.Qxh5 c3 47.bxc3 bxc3 48.Kf3 Rc4 49.Qf5 Qe6 50.Rc1 Qh6 51.Qg5  1/2-1/2

[Event "JUG Cup"]
[Site "Ulcinj"]
[Date "1998.??.??"]
[Round "3"]
[White "Drasko, Milan"]
[Black "Paunovic, Tomislav"]
[Result "1/2-1/2"]
[WhiteElo "2515"]
[BlackElo "2355"]

1.d4 d5 2.c4 dxc4 3.Nf3 c6 4.e3 Be6 5.a4 Nf6 6.Na3 Bf5 7.Nxc4 e6 8.Qb3 Qc7
9.Be2 Be7 10.O-O O-O 11.Rd1 c5 12.Bd2 Nc6 13.Rac1 Rac8 14.dxc5  1/2-1/2

[Event "Donau op"]
[Site "Vienna"]
[Date "1998.??.??"]
[Round "8"]
[White "Kummer, Helmut"]
[Black "Wallner, Joachim"]
[Result "0-1"]
[WhiteElo "2370"]
[BlackElo "2185"]

1.d4 d5 2.c4 c6 3.Nf3 Nf6 4.Qc2 e6 5.g3 Be7 6.Bg2 O-O 7.O-O Nbd7 8.Rd1 Re8
9.b3 b6 10.Nc3 Ba6 11.Bb2 Rc8 12.e4 dxc4 13.Qe2 b5 14.bxc4 bxc4 15.Rab1 Qa5
16.Qc2 Rb8 17.h3 h6 18.Ba1 Red8 19.Rxb8 Rxb8 20.Bf1 Rd8 21.Bg2 Bb4 22.Bb2 Bb5
23.Ra1 Ba3 24.Bxa3 Qxa3 25.Rb1 a6 26.Rd1 Nb6 27.Ne5 Nfd7 28.Nxd7 Rxd7 29.Rd2 Qb4
30.Bf1 Na4 31.Nxb5 axb5 32.Bg2 c3 33.Rd3 Rxd4  0-1

[Event "CHI-ch"]
[Site "Vina del Mar"]
[Date "1998.??.??"]
[Round "4"]
[White "Weiss, Fernando"]
[Black "Vasquez, Rodrigo"]
[Result "1-0"]
[WhiteElo "2155"]
[BlackElo "2485"]

1.d4 d5 2.c4 c6 3.Nf3 dxc4 4.e4 Nf6 5.e5 Nd5 6.Nc3 Nb6 7.Ng5 h6 8.Nge4 Bf5
9.Ng3 Qd7 10.a4 Bg6 11.a5 Nd5 12.Bxc4 e6 13.O-O Na6 14.Nxd5 cxd5 15.Bb3 O-O-O
16.Ba4 Qe7 17.b4 Kb8 18.Ba3 Qh4 19.Qd2 Nc7 20.Rfc1 Be7 21.f4 a6 22.Ne2 Be4
23.Nc3 g5 24.f5 exf5 25.b5 Bxa3 26.Rxa3 axb5 27.Bxb5 Qf4 28.Qb2 Bd3 29.Bxd3 Qxd4+
30.Kh1 Qxd3 31.a6 Nxa6 32.Nb5 Nc5 33.Rxd3 Nxd3 34.Qa3 Nxc1 35.Qa7+ Kc8 36.Qc5+ Kb8
37.Qc7+ Ka8 38.Nd6 Rxd6 39.exd6 Nb3 40.d7 Ka7 41.d8=Q Rxd8 42.Qxd8 Nc5 43.Qxd5 Kb6
44.Qxf5 Kb5 45.Qxf7 Kb4 46.Kg1 b5 47.Qe7 Kc4 48.Qe2+ Nd3 49.Qc2+ Kd4 50.Qb3 b4
51.g4 Ke3 52.Kg2 Ke2 53.Qe6+ Kd2 54.Kf1 Kc3 55.Qc6+ Kd2 56.Qxh6 b3 57.Qxg5+ Kc2
58.Qf5 b2 59.Ke2  1-0

[Event "Wattens op 13th"]
[Site "Wattens"]
[Date "1998.??.??"]
[Round "4"]
[White "Ferrari, Josef"]
[Black "Wallnoefer, Hannes"]
[Result "1-0"]
[WhiteElo "2125"]
[BlackElo "1650"]

1.d4 d5 2.Nf3 Nf6 3.g3 c6 4.c4 e6 5.Bg2 Be7 6.O-O O-O 7.Nc3 Nbd7 8.b3 Qc7
9.Bb2 Rd8 10.Qc2 Nf8 11.Rac1 Bd7 12.Ne5 Rac8 13.e4 a6 14.cxd5 cxd5 15.Nxd5 Qxc2
16.Nxe7+ Kh8 17.Nxf7+  1-0

[Event "EUCup final (Women)"]
[Site "Wuppertal"]
[Date "1998.??.??"]
[Round "4"]
[White "Kiseleva, Natalia"]
[Black "Fischdick, Gisela"]
[Result "1/2-1/2"]
[WhiteElo "2320"]
[BlackElo "2245"]

1.d4 d5 2.c4 c6 3.Nf3 Nf6 4.Qc2 g6 5.Bf4 Bf5 6.Qb3 Qb6 7.c5 Qxb3 8.axb3 Bxb1
9.Rxb1 Nbd7 10.h3 Bg7 11.e3 O-O 12.b4 a6 13.Be2 Ne4 14.O-O e5 15.dxe5 Rfe8
16.Rfd1 Nxe5 17.Nd4 h6 18.Rbc1 Kh7 19.Rc2  1/2-1/2

[Event "Basel Hilton op"]
[Site "Basel"]
[Date "1999.01.04"]
[Round "6"]
[White "Rausis, Igors"]
[Black "Varga, Peter"]
[Result "1-0"]
[WhiteElo "2508"]
[BlackElo "2448"]

1.d4 d5 2.Nf3 Nf6 3.c4 c6 4.Qc2 dxc4 5.e4 b5 6.b3 cxb3 7.axb3 e6 8.Bd2 a5
9.Bd3 h6 10.O-O Bb7 11.Nc3 b4 12.Na4 Nbd7 13.Bf4 Be7 14.Rfd1 Nh5 15.Be3 Nhf6
16.Ne5 Qc7 17.Nxd7 Nxd7 18.Rac1 O-O 19.Qd2 Qd8 20.e5 Re8 21.Be4 Nf8 22.Qe2 f5
23.exf6 Bxf6 24.Nc5 Re7 25.Nxb7 Rxb7 26.Bxc6 Rbb8 27.d5 e5 28.d6 a4 29.Bxa8 Rxa8
30.bxa4 Rxa4 31.Qc4+ Kh8 32.d7  1-0

[Event "BL2-O9899"]
[Site "Germany"]
[Date "1999.01.10"]
[Round "4.7"]
[White "Richter, Sergio"]
[Black "Bade, Joern"]
[Result "1/2-1/2"]
[WhiteElo "2265"]
[BlackElo "2300"]

1.d4 d5 2.Nf3 Nf6 3.c4 c6 4.Qc2 dxc4 5.Qxc4 Bf5 6.g3 Nbd7 7.Bg2 h6 8.O-O e6
9.Nc3 Be7 10.e3 O-O 11.b3 Nb6 12.Qe2 Nbd5 13.Bb2 Nxc3 14.Bxc3 Be4 15.Nd2 Bxg2
16.Kxg2 c5 17.dxc5 Bxc5 18.Bxf6 Qxf6 19.Qb5 Qe7 20.Rac1 Rac8 21.Rfd1 a6 22.Qe2 Bb4
23.Nc4 Rfd8 24.Rxd8+ Rxd8 25.Rd1 Bc3 26.Rd3 Bf6 27.Qd1 Rxd3 28.Qxd3 b5 29.Nd2 Qd8
30.Qxd8+ Bxd8 31.Kf3 Ba5 32.Ke2 Kf8 33.Kd3 Ke7 34.f3 Kd7 35.Ne4 Kc6 36.g4 Kd5
37.h3 Be1 38.Ke2 f5 39.Kxe1 fxe4 40.f4 g6 41.Kd2 e5 42.f5 gxf5 43.gxf5 Kd6
44.Kc3 Kc5 45.a3 a5 46.b4+ axb4+ 47.Kb3 bxa3 48.Kxa3 Kd6 49.Kb4 Ke7 50.Kxb5 Kf6
51.Kc6 h5 52.Kd6 Kxf5 53.Kd5 h4  1/2-1/2

[Event "Linares Anibal op"]
[Site "Linares"]
[Date "1999.01.16"]
[Round "9"]
[White "Rashkovsky, Nukhim N"]
[Black "Prasad, Devaki V"]
[Result "1-0"]
[WhiteElo "2535"]
[BlackElo "2405"]

1.d4 d5 2.c4 c6 3.Nf3 Nf6 4.Qb3 dxc4 5.Qxc4 Bf5 6.g3 e6 7.Bg2 Nbd7 8.O-O Be7
9.Nc3 O-O 10.e3 Ne4 11.Rd1 Qa5 12.Bd2 Nxc3 13.Bxc3 Qd5 14.Nd2 Qxc4 15.Nxc4 Rac8
16.e4 Bg6 17.a4 Rfd8 18.b3 b6 19.Rd2 Nf6 20.f3 Nd5 21.Bb2 Bb4 22.Re2 Ne7
23.Bh3 Rc7 24.Rd1 Kf8 25.Ne3 f5 26.Nc2 a5 27.Nxb4 axb4 28.Rc1 c5 29.g4 fxe4
30.fxe4 Ke8 31.g5 Nc6 32.d5 Na5 33.Re3 exd5 34.exd5+ Re7 35.Rce1 Rxe3 36.Rxe3+ Kf8
37.Be6 c4 38.bxc4 Nxc4 39.Rf3+ Ke7 40.Bxg7 Ra8 41.Rf4 b5 42.axb5 Bd3 43.b6 Kd6
44.Rd4 Ra1+ 45.Kf2 Rf1+ 46.Kg3 Be2 47.b7 Rf3+ 48.Kh4 Kc7 49.d6+ Kxb7 50.Bd5+  1-0

[Event "Geneve op"]
[Site "Geneve"]
[Date "1999.01.25"]
[Round "3"]
[White "Bennett, John"]
[Black "Montavon, Gerard"]
[Result "1/2-1/2"]
[WhiteElo "2132"]
[BlackElo "2078"]

1.d4 d5 2.c4 dxc4 3.Nf3 c6 4.e3 b5 5.a4 Qb6 6.b3 cxb3 7.axb5 cxb5 8.Qxb3 b4
9.Bc4 e6 10.O-O Nf6 11.Ne5 Nbd7 12.Nd2 Nxe5 13.dxe5 Nd7 14.Qa4 Bc5 15.Bb5 Ke7
16.Nc4 Qc7 17.Bb2 Nb6 18.Nxb6 Qxb6 19.Bc6 Bb7 20.Bxb7 Qxb7 21.Rfd1 Rhd8 22.Qc2 Rxd1+
23.Rxd1 Qb5 24.Qxh7 Qe2 25.Qb1 a5 26.Re1 Qb5 27.Qh7 g6 28.Bd4 b3 29.Qh4+ Ke8
30.Bxc5 Qxc5 31.Qa4+ Kf8 32.Qxb3 a4 33.Qb7 Rc8 34.h3 Qc3 35.Rd1 Kg8 36.Rd7 Rf8
37.Qe4 a3 38.Ra7 Qb2 39.Qa4 Qa1+ 40.Kh2 Qxe5+ 41.g3 Qf5 42.Kg2 Rc8 43.e4 Qe5
44.Qxa3 Qxe4+ 45.Qf3 Qxf3+ 46.Kxf3 Rc2 47.h4 Kg7 48.Ke3 Kf6 49.Rb7 Rc6 50.Kf3 e5
51.g4 Rc3+ 52.Ke4 Rc4+ 53.Kf3 Rc6 54.Ra7 Ke6 55.Ra3 f5 56.g5 Rd6 57.Rb3 Ra6
58.Kg3 Kd6 59.Rd3+ Ke6 60.Rb3 Kd5 61.Rb5+ Kd4 62.f3 f4+ 63.Kh3 Ra1 64.Rb2 Rh1+
65.Rh2 Rg1 66.Rg2 Rf1 67.h5 Rxf3+ 68.Kg4 Ra3 69.hxg6 f3 70.Rh2 Ra6 71.Kxf3 Rxg6
72.Rd2+ Kc4 73.Kg4 e4 74.Kf5 Rg8 75.Kxe4  1/2-1/2

[Event "Nova Gorica op"]
[Site "Nova Gorica"]
[Date "1999.02.05"]
[Round "9"]
[White "Tratar, Marko"]
[Black "Laketic, Gojko"]
[Result "0-1"]
[WhiteElo "2450"]
[BlackElo "2396"]

1.Nf3 d5 2.d4 c6 3.c4 Nf6 4.Qc2 e6 5.Bg5 Nbd7 6.e3 h6 7.Bh4 g5 8.Bg3 Ne4
9.Bd3 Nxg3 10.hxg3 Bg7 11.cxd5 cxd5 12.Nc3 a6 13.O-O O-O 14.a4 Nb8 15.b4 Nc6
16.Qb3 a5 17.b5 Nb4 18.Bb1 Qd6 19.Na2 Bd7 20.Nxb4 axb4 21.Bd3 Rfc8 22.Rfc1 Be8
23.g4 Bf6 24.Rab1 Be7 25.Rc2 Rc7 26.Rbc1 Rxc2 27.Bxc2 Kf8 28.Bb1 Qd8 29.Qc2 Bd6
30.Ba2 Kg7 31.Bb3 f6 32.Ne1 h5 33.Qe2 Rc8 34.Rxc8 Qxc8 35.gxh5 Qc3 36.Qd1 Bxh5
37.Nf3 g4 38.Ne1 g3 39.Nf3 Bg6 40.Nd2 Kf7 41.Nf1 gxf2+ 42.Kxf2 Bd3 43.Nd2 Ke7
44.Nf3 Kd7 45.Nd2 Kc7 46.Nf3 Kb6 47.Nd2 Ka7 48.Nf3 Bc7 49.Nd2 Bb6 50.Nf3 Bc4  0-1

[Event "RUS-Cup03 (Geller mem)"]
[Site "Moscow"]
[Date "1999.02.07"]
[Round "6"]
[White "Chekhov, Valery A"]
[Black "Kulikov, Alexander O"]
[Result "1/2-1/2"]
[WhiteElo "2511"]
[BlackElo "2405"]

1.d4 d5 2.c4 c6 3.Nf3 Nf6 4.Qc2 e6 5.g3 b6 6.Bg2 Bb7 7.O-O Nbd7 8.Nc3 Be7
9.Rd1 O-O 10.b3 Rc8 11.e4 dxe4 12.Nxe4 c5 13.Nxf6+ Bxf6 14.Ng5 Bxg5 15.Bxb7 Rc7
16.Be4 h6 17.d5 exd5 18.Bxd5 Bxc1 19.Raxc1 Qf6 20.Re1 Nb8 21.Qc3 Qd8 22.Rcd1 Rd7
23.Qf3 Rd6 24.Qf4 Kh8 25.Bf3 Rxd1 26.Rxd1 Qe7 27.Kg2 Kg8 28.h4 Re8 29.Rd3 Na6
30.Bc6 Rc8 31.Rd7 Qe6 32.Rd6 Qe7 33.Rd7 Qe6 34.Rd6 Qe7 35.a3 Rd8 36.Rxd8+ Qxd8
37.Bd5 Qd7 38.Qe5 Nc7 39.Bf3 Kf8 40.Qe4 Ne6 41.Qa8+ Ke7 42.Bc6 Qc7 43.Bd5 Kf6
44.Bxe6 Kxe6 45.f4 f5 46.b4 Qe7 47.bxc5 bxc5 48.Qd5+ Kf6 49.Kf2 h5 50.Qc6+ Kf7
51.a4 a5 52.Qb6 Qd7 53.Qxc5 Qd2+ 54.Kf3 Qd3+ 55.Kg2 Qe2+ 56.Qf2 Qxc4 57.Qa7+ Kf6
58.Qb6+ Qe6 59.Qd8+ Kf7 60.Qxa5 Qe2+ 61.Kg1 Qe3+  1/2-1/2

[Event "RUS-Cup03 (Geller mem)"]
[Site "Moscow"]
[Date "1999.02.10"]
[Round "1"]
[White "Iljushin, Alexei"]
[Black "Volodin, Alexey"]
[Result "1-0"]
[WhiteElo "2484"]
[BlackElo "2300"]

1.d4 d5 2.c4 c6 3.Nf3 Nf6 4.Qc2 g6 5.Bf4 Bg7 6.e3 O-O 7.Nc3 Nh5 8.Be5 Nf6
9.h3 Nbd7 10.Bh2 Qa5 11.a3 dxc4 12.Bxc4 c5 13.O-O Nb6 14.Ba2 cxd4 15.exd4 Nbd5
16.Nxd5 Nxd5 17.Qc5 Qxc5 18.dxc5 Nf6 19.Rfe1 Nd7 20.Be5 Nxc5 21.Bxg7 Kxg7
22.Rxe7 Kf6 23.Rc7 Na6 24.Rc3 b6 25.Bd5 Rb8 26.b4 Bb7 27.Bb3 Rbc8 28.Rd3 Rfd8
29.Rad1 Rxd3 30.Rxd3  1-0

[Event "Goodricke 10th op"]
[Site "Calcutta"]
[Date "1999.02.12"]
[Round "7"]
[White "Chiong, Luiz"]
[Black "Sriram, Jha"]
[Result "1/2-1/2"]
[WhiteElo "2390"]
[BlackElo "2325"]

1.d4 d5 2.c4 c6 3.Nf3 Nf6 4.Qc2 g6 5.Bf4 Bg7 6.e3 O-O 7.h3 c5 8.dxc5 Qa5+
9.Qc3 Qxc5 10.cxd5 Qxd5 11.Bc4 Qc6 12.Qb3 Nbd7 13.O-O Nc5 14.Qa3 Be6 15.Nd4 Qb6
16.Bxe6 Nxe6 17.Be5 Nd5 18.Bxg7 Kxg7 19.Nxe6+ Qxe6 20.Qb3 Rfd8 21.Na3 Qb6  1/2-1/2

[Event "Goodricke 10th op"]
[Site "Calcutta"]
[Date "1999.02.14"]
[Round "9"]
[White "Gokhale, CS."]
[Black "Szuhanek, Ranko"]
[Result "0-1"]
[WhiteElo "2360"]
[BlackElo "2395"]

1.d4 d5 2.c4 c6 3.Nf3 Nf6 4.Qc2 dxc4 5.Qxc4 Bf5 6.g3 Nbd7 7.Bg2 e6 8.O-O Be7
9.Nc3 O-O 10.Re1 Ne4 11.Qb3 Qb6 12.Nh4 Bb4 13.Nxf5 exf5 14.Qc2 Qa5 15.Bd2 Nxd2
16.Qxd2 Nb6 17.a3 Bxc3 18.bxc3 Nd5 19.Rec1 Rfe8 20.Qd3 Nf6 21.c4 Rad8 22.Rab1 Re7
23.e3 Ne4 24.Rb2 c5 25.Rb5 Qc7 26.Rcb1 b6 27.d5 Nd6 28.R5b2 Qc8 29.Rc1 Qa6
30.Bf3 Rde8 31.h4 Qc8 32.Kg2 Qd7 33.Qc2 Rb8 34.a4 Ree8 35.Rcb1 Qc7 36.Qc3 Kf8
37.Qa3 Nxc4 38.Qd3 Nxb2 39.Rxb2 Qe5 40.Rd2 Rbd8 41.Qa6 Re7 42.Rc2 g6 43.Qc4 h5
44.a5 Rb8 45.Qb5 Rc7 46.Rc4 Kg8 47.Rc1 Qd6 48.Rc4 Qd7 49.Qa6 Qc8 50.Qb5 a6
51.Qb2 b5 52.Rf4 c4 53.Qe5 c3 54.d6 Rc5 55.Bd5 Rxd5 56.Qxd5 Qb7 57.Rd4 c2
58.d7 Qxd5+  0-1

[Event "RUS-Cup03 (Geller mem)"]
[Site "Moscow"]
[Date "1999.02.14"]
[Round "5"]
[White "Eljanov, Pavel"]
[Black "Chikovani, Iuri"]
[Result "1-0"]
[WhiteElo "2418"]
[BlackElo "2265"]

1.Nf3 d5 2.d4 Nf6 3.c4 c6 4.Qc2 g6 5.Bf4 Bf5 6.Qb3 Qb6 7.c5 Qxb3 8.axb3 Bxb1
9.Rxb1 Nbd7 10.b4 Nh5 11.e3 a6 12.Bd3 Bg7 13.h4 O-O 14.Bh2 Nhf6 15.Ne5 Rae8
16.f3 Nxe5 17.Bxe5 Nd7 18.Bxg7 Kxg7 19.h5 e5 20.Kd2 f5 21.hxg6 hxg6 22.Rh4 Rh8
23.Rbh1 Rxh4 24.Rxh4 e4 25.Be2 g5 26.Rh3 Nf6 27.Bd1 g4 28.fxg4 fxg4 29.Bxg4 Ra8
30.Bf5 Kf7 31.g4 Rg8 32.Rh6 Nxg4 33.Rd6 Rg5 34.Bc8 Nf6 35.Bxb7 Rg2+ 36.Ke1 Rxb2
37.Bxc6 Rxb4 38.Bxd5+ Kg7 39.c6 Rb8 40.Be6 Ne8 41.Rd7+ Kf6 42.Rb7 Rd8 43.Bh3 Nd6
44.Rh7 Nc8 45.c7 Rg8 46.Kf2 a5 47.Rd7 Na7 48.Rd8 Rg7 49.c8=Q Nxc8 50.Rxc8 Ra7
51.Bg2 Kf5  1-0

[Event "AUT-chT2M 9899"]
[Site "Austria"]
[Date "1999.02.27"]
[Round "8"]
[White "Ager, Josef"]
[Black "Portisch, Ferenc"]
[Result "1/2-1/2"]
[WhiteElo "2330"]
[BlackElo "2375"]

1.d4 d5 2.Nf3 Nf6 3.c4 c6 4.g3 g6 5.Bg2 Bg7 6.O-O Ne4 7.Qb3 O-O 8.Nc3 dxc4
9.Qxc4 Nd6 10.Qd3 Na6 11.Bf4 Nb4 12.Qd1 Nd5 13.Bxd6 Qxd6 14.Qd2 Nxc3 15.bxc3 Be6
16.Qb2 Rab8 17.Nd2 f5 18.Rad1 b5 19.e3 c5 20.Nb3 Bc4 21.Rfe1 cxd4 22.Nxd4 Qc7
23.f4 Rf6 24.e4 Ra6 25.exf5 Rxa2 26.Qb4 Bf8 27.Qb1 Rb6 28.fxg6 hxg6 29.f5 Qc5
30.g4 b4 31.cxb4 Rxb4 32.Qe4 Bg7 33.Kh1 Rxg2 34.Ne6 Bd5 35.Qxd5 Qxd5 36.Rxd5 Rgxg4
37.Nxg7 Kxg7 38.Rxe7+  1/2-1/2

[Event "NRW-Liga II 9899"]
[Site "GER"]
[Date "1999.03.16"]
[Round "7"]
[White "Van de Mortel, Jan"]
[Black "Prescha, Frank"]
[Result "1/2-1/2"]
[WhiteElo "2360"]
[BlackElo "2280"]

1.d4 d5 2.Nf3 Nf6 3.c4 c6 4.Qc2 e6 5.g3 Nbd7 6.Bg2 Bd6 7.O-O O-O 8.Nbd2 Qe7
9.b3 b6 10.e4 dxe4 11.Nxe4 Nxe4 12.Qxe4 Bb7 13.Bb2 Rfd8 14.Rfe1 Ba3 15.Bc3 Bb4
16.Bxb4 Qxb4 17.Qc2 Qf8 18.Red1 Rab8 19.Ng5 Nf6 20.Ne4 Nxe4 21.Bxe4 f5 22.Bg2 Qf6
23.Qe2 Kf7 24.Qe3 Rd7 25.Rd2 c5 26.Rad1 Bxg2 27.Kxg2 cxd4 28.Rxd4 Rxd4 29.Qxd4 Qxd4
30.Rxd4 Ke7 31.f4 Rc8 32.Kf2  1/2-1/2

[Event "NRW-Liga I 9899"]
[Site "GER"]
[Date "1999.03.16"]
[Round "7"]
[White "Siebert, Lutz"]
[Black "Hoenig, Alexander"]
[Result "1/2-1/2"]
[WhiteElo "2263"]
[BlackElo "2235"]

1.Nf3 Nf6 2.d4 d5 3.c4 c6 4.g3 Bf5 5.Bg2 e6 6.O-O Nbd7 7.Bf4 Bxb1 8.Qxb1 dxc4
9.e4 Be7 10.Rd1 Nb6 11.Qc2 O-O 12.Ne5 Bd6 13.a4 a5 14.Bg5 h6 15.Be3 Qe7 16.Nxc4 Nxc4
17.Qxc4 Bb4 18.h3 Rfd8 19.Rac1 Rd7 20.f4 Ne8 21.e5 f5 22.exf6 Qxf6 23.g4 Nc7
24.Rf1 Nd5 25.Bxd5 exd5 26.Qd3 Re8 27.f5 Re4 28.Rc2 Rde7 29.Rf3 Re8 30.Rg2 Qe7
31.f6 gxf6 32.Bxh6 Re1+ 33.Rf1 Rxf1+ 34.Qxf1 Qe1 35.Qxe1 Rxe1+ 36.Kf2 Rh1
37.g5 fxg5 38.Bxg5 Rxh3 39.Bd2+ Kf7 40.Bxb4 axb4 41.Ke2 Rb3 42.Kd1 Rd3+ 43.Kc2 Rxd4
44.Kb3 b6 45.Rc2 c5 46.a5 c4+ 47.Kxb4 c3+ 48.Kb5 cxb2 49.Rxb2 bxa5 50.Kc5 Rd3
51.Ra2 Ke6 52.Rxa5 Ke5 53.Ra8 Rc3+ 54.Kb4 Kd4 55.Rh8 Re3 56.Rd8 Ke4 57.Kc5 Rc3+
58.Kb4 d4 59.Rh8 Rf3 60.Kc4 Rc3+ 61.Kb4 Rc7 62.Rh4+ Ke3 63.Rh3+ Kd2 64.Rh2+ Kc1
65.Rh1+ Kb2 66.Rd1 Rd7 67.Kc4 Rc7+ 68.Kb4 Rd7 69.Kc4 Kc2  1/2-1/2

[Event "Novgorod op"]
[Site "Novgorod"]
[Date "1999.03.19"]
[Round "10"]
[White "Iljushin, Alexei"]
[Black "Lastin, Alexander"]
[Result "0-1"]
[WhiteElo "2484"]
[BlackElo "2558"]

1.d4 d5 2.c4 c6 3.Nf3 Nf6 4.Qc2 g6 5.Bf4 Bg7 6.e3 O-O 7.Nc3 Be6 8.Ng5 Bf5
9.Qb3 b6 10.Rc1 Nh5 11.Bxb8 Rxb8 12.Nf3 c5 13.Rd1 Bg4 14.Be2 dxc4 15.Qxc4 cxd4
16.Nxd4 Bxe2 17.Qxe2 Qc8 18.O-O Rd8 19.Ndb5 Rxd1 20.Rxd1 a6 21.Nd5 Rb7 22.Nd4 e6
23.Nb4 a5 24.Nbc6 Rc7 25.g4 Nf6 26.Nf5 Bf8 27.Rd8 Qb7 28.Nfd4 Rxc6 29.Nxc6 Qxc6
30.Qd3 Nd5 31.Qd4 Qc7  0-1

[Event "MI Festival"]
[Site "Bucharest"]
[Date "1999.03.22"]
[Round "3"]
[White "Breahna, Radu"]
[Black "Ionescu Brandis, Irina"]
[Result "1-0"]
[WhiteElo "2281"]
[BlackElo "2281"]

1.d4 d5 2.c4 c6 3.Nf3 Nf6 4.Qc2 dxc4 5.Qxc4 Bf5 6.g3 e6 7.Bg2 Nbd7 8.O-O Be7
9.Nc3 O-O 10.e3 Ne4 11.Rd1 Qa5 12.Ne1 Nxc3 13.bxc3 e5 14.e4 Bg4 15.Bf3 Bxf3
16.Nxf3 Rad8 17.Rb1 Nb6 18.Qb3 exd4 19.cxd4 Qa6 20.Be3 Bf6 21.Ne5 Bxe5 22.dxe5 Rxd1+
23.Rxd1 Nc4 24.Bc5 Re8 25.f4 h6 26.Rd7 b6 27.Bd4 c5 28.Bc3 b5 29.Qc2 Qb6
30.Qd3 a6 31.Kg2 g5 32.Qe2 Qc6 33.Rd5 Nb6 34.Rd6  1-0

[Event "Novgorod op"]
[Site "Novgorod"]
[Date "1999.03.25"]
[Round "7"]
[White "Popov, Valerij"]
[Black "Shomoev, Anton"]
[Result "1-0"]
[WhiteElo "2582"]
[BlackElo "2105"]

1.d4 d5 2.Nf3 Nf6 3.c4 c6 4.Qc2 dxc4 5.Qxc4 Bf5 6.g3 Nbd7 7.Nc3 Nb6 8.Qb3 e6
9.Bg2 Be7 10.O-O Ne4 11.a4 Nxc3 12.bxc3 Qd5 13.Qb2 Be4 14.a5 Nd7 15.c4 Qf5
16.Qxb7 c5 17.d5 Rd8 18.Nd2 Bxg2 19.Kxg2 Rb8 20.Qxa7 exd5 21.Nf3 O-O 22.Bf4 Ra8
23.Qb7 Bf6 24.Rad1 d4 25.a6 g5 26.Bd6 Rfc8 27.a7 Qe6 28.Bc7 g4 29.Nd2 Be5
30.Bxe5 Nxe5 31.Ne4 Qc6 32.Qxc6 Rxc6 33.Ra1 Rc7 34.Rfb1 Raxa7 35.Rxa7 Rxa7
36.Rb5 d3 37.Rxc5 dxe2 38.Nf6+ Kg7 39.Rxe5 Kxf6 40.Rxe2 Rc7 41.Re4 Kg5 42.h4+ gxh3+
43.Kxh3 f5 44.Rf4 Rc5 45.Kg2 Re5 46.Kf1 h5 47.Rd4 Ra5 48.Ke2 Ra3 49.Rd3 Ra8
50.c5 f4 51.c6 fxg3 52.fxg3 Kg4 53.c7 Rc8 54.Rc3 Kh3 55.Kf3 Rf8+ 56.Ke4 Rc8
57.Kf4  1-0

[Event "Budapest FS04 IM-B"]
[Site "Budapest"]
[Date "1999.04.03"]
[Round "1"]
[White "Schneider, Attila"]
[Black "Serrer, Christoph"]
[Result "1-0"]
[WhiteElo "2374"]
[BlackElo "2285"]

1.d4 d5 2.Nf3 Nf6 3.c4 c6 4.Qc2 g6 5.Bf4 Na6 6.e3 Bf5 7.Qb3 Nb4 8.Na3 Qa5
9.Nd2 Ne4 10.Rd1 g5 11.Bg3 Nxg3 12.hxg3 e6 13.Be2 Bd6 14.Kf1 O-O-O 15.c5 Bb8
16.Ndc4 dxc4 17.Nxc4 Qxa2 18.Qxb4 e5 19.Na5 b6 20.Nxc6 exd4 21.Ne7+ Kb7 22.Nxf5 dxe3
23.Qe4+  1-0

[Event "Julian Borowski GM"]
[Site "Essen"]
[Date "1999.04.03"]
[Round "7"]
[White "Bischoff, Klaus"]
[Black "Dautov, Rustem"]
[Result "1/2-1/2"]
[WhiteElo "2521"]
[BlackElo "2598"]

1.d4 d5 2.c4 c6 3.Nf3 Nf6 4.Qc2 dxc4 5.Qxc4 Bf5 6.g3 e6 7.Bg2 Be7 8.O-O Nbd7
9.Nc3 O-O 10.e3 b5 11.Qe2 b4 12.Na4 Be4 13.b3 Nb6 14.Nb2 Qd5 15.Bd2 c5 16.dxc5 Qxc5
17.Rfc1 Qd5 18.Rd1 Qb7 19.Nd3 Rfd8 20.Be1 Nbd5 21.Rac1 Rac8 22.Nde5 h6 23.Nc4 Qa8
24.h3 Nb6 25.Rxd8+ Rxd8 26.Nce5 Bd6 27.Nc4 Nxc4 28.Rxc4 Bd5 29.Rc1 a5 30.Nh4 Bxg2
31.Nxg2 Ne4 32.h4 Be5 33.Rd1 Rd5 34.Rxd5 Qxd5 35.Qc2 g6 36.Nf4 Bxf4 37.exf4 Nd6
38.Bd2 Qf3 39.Be3 Qd5 40.Bb6 Nf5 41.Qc8+ Kg7  1/2-1/2

[Event "Budapest FS04 IM-A"]
[Site "Budapest"]
[Date "1999.04.04"]
[Round "2"]
[White "Ganaus, Hannes"]
[Black "Wallner, Joachim"]
[Result "1-0"]
[WhiteElo "2279"]
[BlackElo "2290"]

1.d4 d5 2.c4 c6 3.Nf3 Nf6 4.Qc2 e6 5.Bg5 Nbd7 6.e3 Be7 7.Nc3 O-O 8.a3 a5
9.cxd5 exd5 10.Bd3 Re8 11.O-O Nf8 12.h3 Ng6 13.Ne5 Nxe5 14.dxe5 Ne4 15.Bxe7 Qxe7
16.Nxe4 dxe4 17.Bxe4 g6 18.f4 f6 19.Bxg6 hxg6 20.Qxg6+ Kf8 21.exf6  1-0

[Event "Neckar op 3rd"]
[Site "Deizisau"]
[Date "1999.04.04"]
[Round "6"]
[White "Ivanov, Mir"]
[Black "Maier, Alexander"]
[Result "1-0"]
[WhiteElo "2090"]
[BlackElo "2380"]

1.d4 d5 2.c4 c6 3.Nf3 Nf6 4.Qc2 g6 5.Bf4 dxc4 6.Qxc4 Bg7 7.Nbd2 Qa5 8.e3 Be6
9.Qc1 Nbd7 10.h3 c5 11.Be2 Nd5 12.Bg3 cxd4 13.Nxd4 Bxd4 14.exd4 O-O 15.O-O Rac8
16.Qd1 Qb4 17.Ne4 Qxb2 18.Bf3 Rc4 19.Ng5 Rxd4 20.Qe1 Bf5 21.Bxd5 Rxd5 22.Qxe7 Qf6
23.Qe3 Rd3 24.Qf4 Rd4 25.Qc1 Nb6 26.Nf3 Rc4 27.Qh6 Re8 28.Rae1 Rce4 29.Rxe4 Bxe4
30.Re1 Qc3 31.Kh2 Nd5 32.Ng5 Nf6 33.Re3 Qc5 34.Qh4 Bc6 35.Rxe8+ Bxe8 36.Nf3 Nd5
37.Qd4  1-0

[Event "Dreifluesse op 7th"]
[Site "Passau"]
[Date "1999.04.04"]
[Round "5"]
[White "Knollhuber, Peter"]
[Black "Edling, Joern"]
[Result "0-1"]
[WhiteElo "1730"]
[BlackElo "1815"]

1.d4 d5 2.Nf3 c6 3.c4 dxc4 4.e4 b5 5.a4 e6 6.axb5 cxb5 7.b3 Bb4+ 8.Bd2 Bxd2+
9.Qxd2 a5 10.bxc4 b4 11.Bd3 Ne7 12.Qg5 O-O 13.Nbd2 Bb7 14.Nb3 h6 15.Qh5 a4
16.Nc5 Bc6 17.d5 exd5 18.exd5 Be8 19.Qh4 Qc7 20.Qe4 Ng6 21.Qd4 Nd7 22.Rxa4 Rxa4
23.Nxa4 Qa5 24.Bxg6 fxg6 25.O-O Qxa4 26.c5 Qb5 27.c6 Nb6 28.Rc1 b3 29.Rc5 Qa4
30.Qc3 b2 31.Nd2 Qd1+ 32.Nf1 b1=Q 33.h3 Qxf1+ 34.Kh2 Qxf2  0-1